| 000 | 00469nam a2200169 4500 | ||
|---|---|---|---|
| 005 | 20260511100543.0 | ||
| 008 | 260511b |||||||| |||| 00| 0 eng d | ||
| 020 | _a9780199957699 | ||
| 082 |
_a174.915 _bKOO-E |
||
| 100 | _aKoocher P.Gerald | ||
| 245 |
_aEthics In Psychology And The Mental Health Professions _bStandards And Cases |
||
| 250 | _a4th Ed | ||
| 260 |
_aNew York _bOxford University Press |
||
| 300 | _a654p | ||
| 650 | _aPsychology | ||
| 942 | _cBK | ||
| 999 |
_c47556 _d47556 |
||